[Event "Montigny le Bretonneux op 25th"]
[Site "Montigny le Bretonneux"]
[Date "2023.05.21"]
[Round "8"]
[White "Baysse, Nathan"]
[Black "Druet, Arnaud"]
[Result "1-0"]
[WhiteElo "1199"]
[BlackElo "1199"]
[PlyCount "100"]
[EventDate "2023.05.18"]
[EventType "swiss"]
[EventRounds "9"]
[EventCountry "FRA"]
[SourceTitle "CBM 214 Extra"]
[Source "ChessBase"]
[SourceDate "2023.07.31"]
[SourceVersion "1"]
[SourceVersionDate "2023.07.31"]
[SourceQuality "1"]

1. e4 c6 2. Nc3 d5 3. exd5 cxd5 4. d4 Bf5 5. h3 Nf6 6. Nf3 a6 7. Bf4 Nc6 8. Bd3 Bxd3 9. Qxd3 e6 10. a3 Bd6 11. Bg3 0-0 12. 0-0 Re8 13. Rfe1 Be7 14. Qd2 h6 15. Bf4 Bd6 16. Bxd6 Qxd6 17. Qe3 b5 18. Ne5 Qc7 19. Nxc6 Qxc6 20. Rac1 a5 21. Na2 Rab8 22. Qd2 b4 23. axb4 axb4 24. Nxb4 Qa4 25. c3 Ne4 26. Qc2 Qb5 27. f3 Nd6 28. Qe2 Qa4 29. Qc2 Qd7 30. Na6 Rb5 31. Nc5 Qc6 32. Ra1 Ra8 33. Rxa8+ Qxa8 34. b4 Nc4 35. Rb1 Qd8 36. Qa4 Qb8 37. Ra1 Kh7 38. Qc2+ g6 39. Ra6 Qf4 40. Ra7 Qe3+ 41. Kh1 Kg8 42. Ra8+ Kg7 43. Ra7 Nd6 44. Qd3 Qe1+ 45. Kh2 Rb8 46. Nd7 Re8 47. Ne5 Rd8 48. Qxg6+ Kh8 49. Qxh6+ Kg8 50. Nd7 Nf5 1-0